000 00544mam a2200217 a 4500
001 4062798
003 ASAB
005 20180827062630.0
008 991007s1999 enka b 001 0 eng d
015 _aGB99-70046
020 _a81-8356-194-2
035 _a(OCoLC)ocm44721157
035 _a(NNC)4062798
040 _cASAB
100 1 _aM. Prakash
_91818
245 1 0 _ahuman gene evolution
_cM. Prakash
300 _axvii, 326 p., ill
_c24 cm.
440 _aEncyclopaedia of gene evolution
_n5
_92244
942 _2ddc
_cBK
999 _c480078
_d480078